000 00485nam a2200157 4500
001 120070
003 ES-MaACL
005 20230906191447.0
007 t|
008 070214n19001990sp r ||||1| spa d
100 1 _aPérez de Urbel, Justo.
_990812
245 1 4 _aLas grandes abadías benedictinas
_b: su vida, su arte y su historia /
_cJusto Pérez de Urbel.
260 _aMadrid :
_bAncla,
_c[19__?]
300 _a487 p., 18 lám. ;
_c20 cm.
852 _aES-MaACL
_jB-10396
_bR.22212
999 _c120070
_d120070